000 02409cam a22005294i 4500
003 PE-LiUPU
005 20251226105854.0
008 171016s2010 ag rb 001 0 spa d
020 _a9875674583
020 _a9789875674585
035 _a(Sirsi) a239789
040 _aPE-LiUPU
_bspa
_cPE-LiUPU
_erda
041 1 _aspa
_heng
082 0 4 _a248.5
_bW75
_223
100 _aWong, Mary Hui-Tze,
_eautor.
_97789
245 1 0 _aBajo la sombra :
_buna historia de salvaciones milagrosas y de la mano protectora de Dios /
_cMary Hui-Tze Wong, Maylan Schurch.
250 _aPrimera edición.
264 1 _aBuenos Aires, Argentina :
_bAsociación Casa Editora Sudamericana,
_c2010.
300 _a144 páginas ;
_c21 centímetros
336 _atext
_2rdacontent
337 _aunmediated
_2rdamedia
338 _avolume
_2rdacarrier
505 0 _aNiña Novia -- Sobrevivimos a la muerte negra -- El Nacimiento de Yun Foh y su primera Niñez -- Encuentro en Au Mi san -- Alumno radical -- De la Sombra de la muerte a una luz mayor -- Preparación para Servir al Maestro -- Misionero en la Tierra de los Cazadores de cabezas -- Sarawak -- Invalidos por aire y por mar -- Ocupación enemiga -- Cuando la muerte llovía del cielo -- ¡Liberación! -- Un Paso adelante de la marea Roja -- En Servicio Activo -- Alegría y Sacrificio en Singapur -- Escape de Vietnam -- Ocaso y atardecer.
526 _aSEG42
526 _aSEG41
526 _aSEG40
526 _aSEG39
526 _aP94
526 _aP87
526 _aP86
526 _aP85
526 _aP77
526 _aP76
526 _aP35
534 _pTítulo Original :
_tUnder the shadow.
650 1 0 _aTestimonio de fe.
_97791
650 2 4 _aMuerte.
700 1 _aSchurch, Maylan,
_eautor.
910 _abgr
942 _2ddc
_cBOOK
949 _a248.5 bW75
_wDEWEY
_c1
_iFT03357
_lCCODEBUT1
_mBUT
_p18.02
_r0
_sY
_tBOOK
_u2017-10-16
_xBIBLIOTECA
_zUNKOWN
_0COMPRA
_o.STAFF. Colección General Tarapoto
949 _a248.5 W75 2008
_wDEWEY
_c1
_iFJ09211
_lCCODEBUJ1
_mBUJ
_p10.00
_r0
_sY
_tBOOK
_u2017-11-14
_xBIBLIOTECA
_zUNKOWN
_0COMPRA
_o.STAFF. Colección General Juliaca
980 _818228
_gRebeca Esther Huerta Leyton
999 _c25465
_d25465